000 00628nam a2200241Ia 4500
003 OSt
005 20220918214858.0
006 a|||||r|||| 00| 0
007 ta
008 220917b |||||||| |||| 00| 0 eng d
024 _a139,245
037 _cTextual
040 _aARTS
_cARTS
_beng
041 _2eng
_aeng
082 _aY:52:g, M0
100 _aBayles Michael D
_9132691
245 0 _aMorality and population policy
260 _aAlbama
_bAlbama Univ Press
_c1980
300 _aix,143p.
_ccm.
650 _aSOCIOLOGY
942 _hY:52:g, M0
_cTEXL
_2CC
999 _c262245
_d262245